000 00634nam a2200181Ia 4500
003 GCL
008 140319s9999 xx 000 0 ara d
040 _aGCL /
_cGCL
082 0 4 _a819
_bج ب
100 1 _aالجاحظ : ابوعثمان عمرو بن بحر محبوب
245 1 0 _aالبيان والتبيين ( ج 1 - 3 ) /
_cالجاحظ : ابوعثمان عمرو بن بحر محبوب
300 _a3 مج فى 1
490 _aالهيئة العامة للاستعلامات
_v0
650 0 4 _aالادب العربى
650 0 4 _aالنثر العربى
650 0 4 _aالرسائل الادبية
942 _2ddc
_cBK
999 _c42596
_d42596